Craziest Conspiracies - Statistics

General Stats
  • This quiz has been taken 7 times
  • The average score is 6 of 17
Answer Stats
Hint Answer % Correct
A theory that the top-secret U.S. Air Force facility in Nevada is used to examine, reverse-engineer, and store crashed alien spacecraft and extraterrestrial technology. area 51
100%
The theory that someone did not act alone but was part of a larger conspiracy involving actors like the CIA, Mafia, or Lyndon B. Johnson to remove a president whose policies threatened the military industrial complex. jfk assassination
100%
The theory that shape-shifting reptilian aliens, or human-reptile hybrids, control human society by taking on human form and gaining political power. lizard people
75%
The theory that all of reality, including human consciousness and the universe, is actually an artificial, highly advanced computer simulation created by another civilization or future beings. simulation
75%
The conspiracy theory claiming that the U.S. government exterminated all of this specific animal between 1959 and 1971, replacing them with surveillance drones to spy on citizens birds arent real
50%
The theory that the internet has become a mostly simulated, artificial space where the vast majority of content and interactions are generated by AI and bots, rather than human users dead internet
50%
The theory that the earth is secretly shaped as a different shape and surrounded by ice walls. flat earth
50%
The theory that an elite secret society is actively manipulating world events, governments, and media to establish a totalitarian "New World Order". illuminati
50%
The theory that NASA staged the 1969–1972 Apollo moon landings in a studio to win the Space Race, using faked photos and video evidence. moon landing hoax
50%
The theory that a famous singer died in a 1966 car crash and was secretly replaced by a look-alike, with the Beatles allegedly hiding clues to his death in their album artwork and lyrics. paul is dead
25%
The theory that a famous singer died shortly after her 2002 debut album and was replaced by a lookalike named Melissa to to continue her successful music career. avril lavigne clone
0%
The theory that Disney made a movie to intentionally manipulate search engine algorithms so that results about the movie overshadow rumors that Walt Disney was cryogenically frozen. disneys frozen
0%
The theory that a very famous singer faked his death in 1977 to escape fame, the mob, or health issues, choosing instead to live in hiding, often supported by alleged "sightings". elvis is alive
0%
The theory that a specific country is not a real country, but rather a fabricated landmass created by Japan and the Soviet Union in the mid-20th century to hide secret fishing spots in the Baltic Sea, with landfilled Nokia data to maintain the lie. finland doesnt exist
0%
The theory that a famous actor is a centuries-old immortal or time traveler who never ages, evidenced by his striking resemblance to historical figures like Paul Mounet and Charlemagne. keanu reeves is immortal
0%
The theory that the Stratford-upon-Avon man lacked the education, noble experience, and literary paper trail to have written the plays, suggesting instead that his name was used as a pseudonym for a more educated aristocratic writer, such as Edward de Vere, 17th Earl of Oxford, or a group of writers. shakespeare wasnt shakespeare
0%
The theory that a famous singer faked his death in 1996 to escape his intense lifestyle and has been living in hiding (often cited as Cuba or Malaysia) ever since. tupac is alive
0%
No matching quizzes found
Score Distribution
Percent of People with Each Score
Percentile by Number Answered
Your Score History
You have not taken this quiz